Statistics for Solve y = x³ - x²

Click here to take the quiz!

General Stats

  • This quiz has been taken 34 times
  • The average score is 8 of 10

Answer Stats

x =y =% Correct
10
97%
318
93%
24
93%
5100
87%
448
87%
10900
87%
6180
80%
9648
73%
8448
70%
7294
67%

Score Distribution

Percentile by Number Answered

Percent of People with Each Score

Your Score History

You have not taken this quiz